000 00218 a2200097 4500
001 11976
100 _aPye, L.W.
245 _aCommunications and politics
260 _a
_bPrincetion, new jersy
_c
090 _c9228
_d9228
942 _aNUST-CAE
_cM
_c36076
999 _c247049
_d247049